<?xml version="1.0" encoding="UTF-8"?>
<record
    xmlns:xsi="http://www.w3.org/2001/XMLSchema-instance"
    xsi:schemaLocation="http://www.loc.gov/MARC21/slim http://www.loc.gov/standards/marcxml/schema/MARC21slim.xsd"
    xmlns="http://www.loc.gov/MARC21/slim">

  <leader>00845nam a22001817a 4500</leader>
  <controlfield tag="001">10098</controlfield>
  <controlfield tag="003">FISKH</controlfield>
  <controlfield tag="005">20260408102318.0</controlfield>
  <controlfield tag="008">260408b        cb ||||| |||| 00| 0 eng d</controlfield>
  <datafield tag="020" ind1=" " ind2=" ">
    <subfield code="a">9787568259460</subfield>
  </datafield>
  <datafield tag="040" ind1=" " ind2=" ">
    <subfield code="a">FISKH</subfield>
    <subfield code="b">chi</subfield>
    <subfield code="c">FISKH</subfield>
    <subfield code="d">FISKH</subfield>
  </datafield>
  <datafield tag="100" ind1=" " ind2=" ">
    <subfield code="a">&#xFF08;&#x65E5;&#xFF09;&#x5927;&#x6865;&#x60E0;&#x7F8E;&#x5B50;</subfield>
  </datafield>
  <datafield tag="245" ind1=" " ind2=" ">
    <subfield code="a">&#x53D8;&#x53D8;&#x53D8;&#xFF0C;&#x73B0;&#x5728;&#x6709;&#x4E24;&#x4E2A;&#x6211;&#x5566; /</subfield>
    <subfield code="c">By &#xFF08;&#x65E5;&#xFF09;&#x5927;&#x6865;&#x60E0;&#x7F8E;&#x5B50;</subfield>
  </datafield>
  <datafield tag="300" ind1=" " ind2=" ">
    <subfield code="a">28 pages : </subfield>
    <subfield code="b">color illustrations ; </subfield>
    <subfield code="c">25 cm .</subfield>
  </datafield>
  <datafield tag="520" ind1=" " ind2=" ">
    <subfield code="a">&#x6545;&#x4E8B;&#x8BB2;&#x8FF0;&#x5C0F;&#x5973;&#x5B69;&#x53CB;&#x7F8E;&#x5728;&#x8349;&#x4E1B;&#x91CC;&#x770B;&#x5230;&#x5C0F;&#x72D0;&#x72F8;&#x4ECA;&#x592A;&#x548C;&#x5E38;&#x5409;&#x5728;&#x53D8;&#x8EAB;&#x6BD4;&#x8D5B;&#x3002;&#x5E38;&#x5409;&#x53D8;&#x6210;&#x4E86;&#x53CB;&#x7F8E;&#x7684;&#x6837;&#x5B50;&#xFF0C;&#x88AB;&#x53CB;&#x7F8E;&#x7684;&#x5988;&#x5988;&#x8BEF;&#x4EE5;&#x4E3A;&#x662F;&#x771F;&#x7684;&#x53CB;&#x7F8E;&#x5E26;&#x56DE;&#x5BB6;&#x3002;&#x5E38;&#x5409;&#x53EA;&#x597D;&#x5047;&#x88C5;&#x662F;&#x53CB;&#x7F8E;&#x5403;&#x996D;&#x7761;&#x89C9;&#x3002;&#x540E;&#x6765;&#x53CB;&#x7F8E;&#x6765;&#x627E;&#x4ED6;&#xFF0C;&#x5E38;&#x5409;&#x53D8;&#x56DE;&#x5C0F;&#x72D0;&#x72F8;&#xFF0C;&#x4E0E;&#x4ECA;&#x592A;&#x9AD8;&#x9AD8;&#x5174;&#x5174;&#x5730;&#x56DE;&#x5BB6;&#x4E86;&#x3002;&#x8FD9;&#x662F;&#x4E00;&#x672C;&#x6709;&#x8DA3;&#x7684;&#x7ED8;&#x672C;&#xFF0C;&#x9002;&#x5408;&#x5E7C;&#x513F;&#x9605;&#x8BFB;&#x3002;</subfield>
  </datafield>
  <datafield tag="942" ind1=" " ind2=" ">
    <subfield code="2">ddc</subfield>
    <subfield code="c">BK</subfield>
    <subfield code="n">0</subfield>
  </datafield>
  <datafield tag="999" ind1=" " ind2=" ">
    <subfield code="c">10098</subfield>
    <subfield code="d">10098</subfield>
  </datafield>
  <datafield tag="952" ind1=" " ind2=" ">
    <subfield code="0">0</subfield>
    <subfield code="1">0</subfield>
    <subfield code="2">ddc</subfield>
    <subfield code="4">0</subfield>
    <subfield code="7">0</subfield>
    <subfield code="8">REF</subfield>
    <subfield code="a">002</subfield>
    <subfield code="b">002</subfield>
    <subfield code="c">LSHTTP</subfield>
    <subfield code="d">2026-04-08</subfield>
    <subfield code="l">0</subfield>
    <subfield code="o">(&#x65E5;&#xFF09;&#x5927;&#x6865;&#x60E0;&#x7F8E;&#x5B50;</subfield>
    <subfield code="p">2026-0470</subfield>
    <subfield code="r">2026-04-08 10:23:06</subfield>
    <subfield code="w">2026-04-08</subfield>
    <subfield code="y">BK</subfield>
  </datafield>
</record>
